Basti / (Record no. 7477)
[ view plain ]
| 000 -LEADER | |
|---|---|
| fixed length control field | 00508 a2200169 4500 |
| 010 ## - LCCN (DPL NO) | |
| LC control number | ENG-87937 |
| 020 ## - INTERNATIONAL STANDARD BOOK NUMBER | |
| Terms of availability | 345.00 |
| International Standard Book Number | 0195691628 |
| 035 ## - SYSTEM CONTROL NUMBER | |
| System control number | EN-71470 |
| 037 ## - SOURCE OF ACQUISITION | |
| Source of stock number/acquisition | DBAD / PUB |
| 082 14 - DEWEY DECIMAL CLASSIFICATION NUMBER | |
| Classification number | N |
| 100 ## - MAIN ENTRY--PERSONAL NAME | |
| Personal name | Husain, Intizar |
| 245 1# - TITLE STATEMENT | |
| Title | Basti / |
| Statement of responsibility, etc | by Intizar Husain; translated by Frances W.Pritchett |
| 260 ## - PUBLICATION, DISTRIBUTION, ETC. (IMPRINT) | |
| Place of publication, distribution, etc | New Delhi |
| Name of publisher, distributor, etc | Oxford University Press |
| Date of publication, distribution, etc | 2007 |
| 270 ## - ADDRESS | |
| Address | YMCA Library Building, Jai Singh Road |
| City | New Delhi |
| Postal code | 110 001 |
| 300 ## - PHYSICAL DESCRIPTION | |
| Extent | xxxviii, 254p. |
| Dimensions | 22cm (Hb) |
| 942 ## - ADDED ENTRY ELEMENTS (KOHA) | |
| Institution code [OBSOLETE] | dpl |
| Item type | English Books |
| Source of classification or shelving scheme | Dewey Decimal Classification |
| Classification part | N |
| Call number suffix | HUS |
| Withdrawn status | Lost status | Not for loan | Collection code | Home library | Current library | Source of acquisition | Cost, normal purchase price | Full call number | Barcode | Copy number | Cost, replacement price | Koha item type |
|---|---|---|---|---|---|---|---|---|---|---|---|---|
| Not For Loan | Fiction | D.B.Act.Division | D.B.Act.Division | DBAD/PUB | 345.00 | N HUS | EN-71470 | 1 | 345.00 | English Books |
